00409 a2200145 450000500170000000800410001702000180005804000090007604100130008508400150009810000250011324500640013826000510020230000100025320260305103217.0260305b |||||||| |||| 00| 0 eng d a9789384741044 cSDCL 2engaeng aY:1.2'P R1 aBharadwaj, Sudhikant aGlimpses of Indian CulturebA collection of research papers aNew Delhi :bBhardwaj Publishing House,c2021. a260p.